000 00296nam a2200121Ia 4500
008 190902s9999||||xx |||||||||||||| ||und||
020 _a0-07-212027-4
100 _aHamid Ali
245 4 _aThe Law of social security
260 _akarchi
_bThe Ideal Labour Laws
_c2007
300 _a281
942 _cBK
999 _c2897
_d2897